Manual para el estudio de títulos de propiedad inmobiliaria : (Registro nro. 7413)
[ vista simple ]
| 000 -LEADER | |
|---|---|
| fixed length control field | 02129nam a22002417a 4500 |
| 003 - CONTROL NUMBER IDENTIFIER | |
| control field | OSt |
| 005 - DATE AND TIME OF LATEST TRANSACTION | |
| control field | 20210302142704.0 |
| 008 - FIXED-LENGTH DATA ELEMENTS--GENERAL INFORMATION | |
| fixed length control field | 210302s1999 ck ||||fr|||| 00| 0 spa d |
| 020 ## - INTERNATIONAL STANDARD BOOK NUMBER | |
| International Standard Book Number | 9586353397 |
| 040 ## - CATALOGING SOURCE | |
| Original cataloging agency | CO-JMCR |
| Transcribing agency | CO-JMCR |
| 041 0# - LANGUAGE CODE | |
| Language code of text/sound track or separate title | spa |
| 082 04 - DEWEY DECIMAL CLASSIFICATION NUMBER | |
| Classification number | 346.0437 / |
| Item number | D147m |
| Edition number | 23 |
| 100 1# - MAIN ENTRY--PERSONAL NAME | |
| Personal name | Dallos Jabbour, Gerardo Alonso, |
| Relator term | autor |
| 9 (RLIN) | 14254 |
| 245 14 - TITLE STATEMENT | |
| Title | Manual para el estudio de títulos de propiedad inmobiliaria : |
| Remainder of title | legislación, jurisprudencia, doctrina, minutas, modelo de estudio de títulos y de sociedades / |
| Statement of responsibility, etc. | Gerardo Alonso Dallos Jabbour |
| 250 ## - EDITION STATEMENT | |
| Edition statement | Primera edición |
| 260 ## - PUBLICATION, DISTRIBUTION, ETC. | |
| Place of publication, distribution, etc. | Bogotá : |
| Name of publisher, distributor, etc. | Ediciones Librería del Profesional, |
| Date of publication, distribution, etc. | 1999 |
| 300 ## - PHYSICAL DESCRIPTION | |
| Extent | xxii, 225 páginas ; |
| Dimensions | 24 cm. |
| 504 ## - BIBLIOGRAPHY, ETC. NOTE | |
| Bibliography, etc. note | Bibliografía: páginas 217-225 |
| 505 0# - FORMATTED CONTENTS NOTE | |
| Formatted contents note | El notariado -- De la escritura pública -- Actos y contratos civiles más usuales y sus modelos de minutas -- Del registro -- Títulos, actos y documentos sujetos a registro -- Modo de hacer el registro -- El registro como acto administrativo -- La matricula inmobiliaria -- Certificados -- Catastro -- Tributos, derechos notariales y de registro -- Vigilancia notarial y de registro -- Bases y modelo para la revisión del estudio de títulos -- Bases y modelos para el estudio de sociedades -- Extractos de jurisprudencia |
| 520 3# - SUMMARY, ETC. | |
| Summary, etc. | El presente MANUAL PARA EL ESTUDIO DE TÍTULOS DE PROPIEDAD INMOBILIARIA del profesor Gerardo Alonso Dallos Jabbour va dirigido a los estudiantes y estudiosos de esta disciplina jurídica. Es por ello que ha sido elaborado con estilo moderno, sencillo y didáctico para que sea guía, a su vez, de gerentes, administradores de empresas y de todos aquellos que de una u otra forma tengan que ver con los títulos de propiedad raíz y su elaboración. La obra contiene la legislación vigente, enriquecida con la jurisprudencia, doctrina, comentarios y modelos de minutas para facilitar así su consulta, acorde y oportuna. La utilidad y acogida que la presente dispense, será el estímulo y compensación tanto para el autor como para el editor. |
| 650 14 - SUBJECT ADDED ENTRY--TOPICAL TERM | |
| Topical term or geographic name entry element | Bienes raices |
| General subdivision | legislación |
| Geographic subdivision | Colombia |
| 9 (RLIN) | 14255 |
| 942 ## - ADDED ENTRY ELEMENTS (KOHA) | |
| Source of classification or shelving scheme | Dewey Decimal Classification |
| Koha item type | Books |
| Withdrawn status | Lost status | Source of classification or shelving scheme | Damaged status | Not for loan | Collection code | Home library | Current library | Date acquired | Source of acquisition | Total Checkouts | Full call number | Barcode | Date last seen | Date last checked out | Copy number | Price effective from | Koha item type | Public note |
|---|---|---|---|---|---|---|---|---|---|---|---|---|---|---|---|---|---|---|
| Dewey Decimal Classification | Non-fiction | Biblioteca Pública José María del Castillo y Rada | Biblioteca Pública José María del Castillo y Rada | 02/25/2021 | Donación | 3 | 346.0437 / D147m | 201810614 | 05/16/2024 | 11/10/2023 | Ej.1 | 03/02/2021 | Books | Exilibris: Nota en portada "Silvia Reyes Acevedo" |